|
|
|
|
| LEADER |
01380nam a2200265 u 4500 |
| 001 |
10117581 |
| 003 |
upatras |
| 005 |
20210117205549.0 |
| 008 |
150921s1992 gre |
| 020 |
|
|
|a 9608525519
|
| 040 |
|
|
|a ΠΑΝΕΠΙΣΤΗΜΙΟ ΠΑΤΡΑΣ
|c ΠΑΝΕΠΙΣΤΗΜΙΟ ΠΑΤΡΑΣ
|
| 041 |
0 |
|
|a gre
|
| 082 |
0 |
4 |
|a 489.33
|
| 245 |
1 |
0 |
|a Νέο λεξικο της Ελληνικής
|c ; Θεώρηση και γενική επιμέλεια Ανδρέας Δ. Σταφυλίδης
|
| 260 |
|
|
|a Αθήνα
|b Εκδόσεις Σταφυλίδη
|c 1992
|
| 300 |
|
|
|a xvi, 1198 σ.
|c 17 εκ.
|
| 650 |
|
4 |
|a Ελληνική γλώσσα
|x Λεξικά
|9 98
|
| 700 |
1 |
|
|a Σταφυλίδης, Ανδρέας Δ.
|4 edt
|9 3376
|
| 852 |
|
|
|a GR-PaULI
|b ΠΑΤΡΑ
|b ΘΕΑΤΡΟΛΟΓΙΑ
|k ΟΧΙΔ
|h Π 489.33 ΣΤΑ
|m 013790
|p 025000010864
|t 1
|
| 852 |
|
|
|a GR-PaULI
|b ΠΑΤΡΑ
|b ΘΕΑΤΡΟΛΟΓΙΑ
|k ΟΧΙΔ
|h Π 489.33 ΣΤΑ
|m 013791
|p 025000010865
|t 2
|
| 942 |
|
|
|2 ddc
|c BKN
|
| 952 |
|
|
|0 0
|1 0
|4 0
|6 Π_489_330000000000000_ΣΤΑ
|7 0
|9 184099
|a THST
|b THST
|d 2016-04-24
|i 013790
|l 0
|o Π 489.33 ΣΤΑ
|p 025000010864
|r 2016-04-24 00:00:00
|t 1
|w 2016-04-24
|y BKN
|
| 952 |
|
|
|0 0
|1 0
|4 0
|6 Π_489_330000000000000_ΣΤΑ
|7 0
|9 184100
|a THST
|b THST
|d 2016-04-24
|i 013791
|l 0
|o Π 489.33 ΣΤΑ
|p 025000010865
|r 2016-04-24 00:00:00
|t 2
|w 2016-04-24
|y BKN
|
| 998 |
|
|
|c ΜΑΝΙΑ
|d 2015-09
|
| 999 |
|
|
|c 113499
|d 113499
|